Cuestiones juridico-políticas en Francisco Suarez

Gespeichert in:
Bibliographische Detailangaben
1. Verfasser: Carrillo Prieto, Ignacio (VerfasserIn)
Format: Buch
Sprache:Spanisch
Veröffentlicht: Ciudad de México UNAM 1986
Schlagworte:
Tags: Tag hinzufügen
Keine Tags, Fügen Sie den ersten Tag hinzu!

MARC

LEADER 00000nam a2200000 a 4500
001 UCX9051
003 CL-VaPUC
008 940512e19860000MX |||||||||||||||||spa|d
082 0 4 |a 340.109  |b CAR  |2 21 
100 0 |a Carrillo Prieto, Ignacio  |e author  |9 326331 
245 1 0 |a Cuestiones juridico-políticas en Francisco Suarez 
300 |a 74 p 
942 |c BK 
945 |d 19940512 00:00:00  |a aalvarez 
260 |a Ciudad de México  |b UNAM  |c 1986 
600 0 |a Suárez, Francisco,   |c S.I.  |9 255840 
650 0 |a Filosofía del derecho   |9 255050 
583 |a last modification  |c 19940512 00:00:00  |k Rodrigo Vera 
999 |c 228395  |d 228393 
952 |0 0  |1 0  |4 0  |6 340_109000000000000_CAR_1986  |7 0  |8 DER_HIS  |9 228401  |a BIBDER  |b BIBDER  |d 2019-11-15  |i 2977753  |l 1  |o 340.109 CAR 1986  |p 2977753  |r 2023-01-25  |s 2020-03-19  |w 2019-11-15  |x Ubicación 4to Piso  |y BK  |z Estos recursos deben solicitarse con anticipación  |k DER